[Event "32nd ECC Open 2016"]
[Site "Novi Sad SRB"]
[Date "2016.11.06"]
[Round "1.16"]
[Board "5"]
[White "Grunberg, Mihai-Lucian"]
[Black "Allaert, Dimitri"]
[Result "1/2-1/2"]
[WhiteTitle "IM"]
[WhiteElo "2397"]
[BlackElo "2135"]
[WhiteTeam "AEM Luxten Timisoara"]
[BlackTeam "Cercle d'Echecs Fontainois"]
[WhiteFideId "1204149"]
[BlackFideId "209384"]
[EventDate "2016.11.06"]

1. Nf3 d5 2. g3 c6 3. Bg2 Nf6 4. O-O g6 5. b3 Bg7 6. Bb2 O-O 7. c4 dxc4 8. bxc4
c5 9. d3 Nc6 10. Nbd2 Qc7 11. Nb3 Nd7 12. Bxg7 Kxg7 13. e3 e5 14. d4 cxd4 15.
exd4 Nxd4 16. Nfxd4 exd4 17. Qxd4+ f6 18. Rfe1 Ne5 19. f4 Nc6 20. Qc5 Qb6 21.
Qf2 Bf5 22. c5 Qc7 23. Rad1 Rad8 24. Bxc6 Rxd1 25. Rxd1 bxc6 26. Nd4 Qc8 27. Qg2
Bd7 28. Re1 Re8 29. Qd2 Be6 30. Nxe6+ Rxe6 31. Rd1 Re7 32. Qd6 Kf7 33. f5 gxf5
34. Kf2 Qa6 35. Rd2 Qa3 36. Kg2 Qe3 37. Kh3 Qh6+ 38. Kg2 Qe3 39. Rf2 Qe4+ 40.
Kg1 Rb7 41. h4 Rb1+ 42. Rf1 Rxf1+ 43. Kxf1 Qb1+ 44. Kg2 Qxa2+ 45. Kg1 Qb1+ 46.
Kh2 Qc2+ 47. Kg1 Qb1+ 48. Kh2 Qb2+ 49. Kh3 Qb7 50. h5 a5 51. Qd8 a4 52. Qh8 Ke6
53. h6 Qf7 54. Qc8+ Qd7 55. Qg8+ Qf7 56. Qc8+ Qd7 57. Qg8+ 1/2-1/2

[Event "32nd ECC Open 2016"]
[Site "Novi Sad SRB"]
[Date "2016.11.06"]
[Round "1.16"]
[Board "6"]
[White "Pierard, Florian"]
[Black "Toma, Radu-Cristian"]
[Result "0-1"]
[WhiteElo "2101"]
[BlackElo "2368"]
[WhiteTeam "Cercle d'Echecs Fontainois"]
[BlackTeam "AEM Luxten Timisoara"]
[WhiteFideId "263532"]
[BlackFideId "1217992"]
[EventDate "2016.11.06"]

1. e4 c5 2. Nc3 e6 3. g3 d5 4. exd5 exd5 5. d3 Nf6 6. Bg2 Be7 7. Nf3 O-O 8. O-O
Nc6 9. d4 Bg4 10. Ne2 Qb6 11. c3 Ne4 12. Ne5 Nxe5 13. dxe5 c4 14. Be3 Bc5 15.
Bxc5 Qxc5 16. Qc2 Bf5 17. Nd4 Bg6 18. Qc1 Rae8 19. f3 f6 20. exf6 Nxf6 21. Re1
Nd7 22. Rxe8 Rxe8 23. Qd2 Qe7 24. Kf1 Ne5 25. b4 cxb3 26. axb3 Nd3 27. Bh3 Qf6
28. b4 a6 29. Bg2 h5 30. f4 Kh7 31. Bxd5 Rd8 32. Bf3 Nxb4 33. Re1 Nc6 34. Bxc6
Qxc6 35. Nxc6 Rxd2 36. Ne7 Rxh2 37. Re6 Bd3+ 38. Kg1 Rc2 39. Re5 g6 40. Rc5 Kg7
41. Nd5 Be4 42. Rc7+ Kf8 43. Nf6 Bc6 44. Nh7+ Ke8 45. Nf6+ Kd8 46. Rg7 Rg2+ 47.
Kf1 Rxg3 48. Ke2 h4 49. Rh7 h3 50. Rh4 Rg2+ 51. Kf1 h2 0-1

[Event "32nd ECC Open 2016"]
[Site "Novi Sad SRB"]
[Date "2016.11.06"]
[Round "1.17"]
[Board "1"]
[White "Kazakovskiy, Valeriy"]
[Black "Howell, David W L"]
[Result "1-0"]
[WhiteTitle "IM"]
[BlackTitle "GM"]
[WhiteElo "2416"]
[BlackElo "2655"]
[WhiteTeam "Ezerelio Vaivorykste"]
[BlackTeam "Cheddleton"]
[WhiteFideId "13507443"]
[BlackFideId "410608"]
[EventDate "2016.11.06"]

1. d4 Nf6 2. Nf3 g6 3. c4 Bg7 4. Nc3 d5 5. cxd5 Nxd5 6. e4 Nxc3 7. bxc3 c5 8.
Be3 Qa5 9. Qd2 Nc6 10. Rb1 a6 11. Rc1 cxd4 12. cxd4 Qxd2+ 13. Kxd2 e6 14. Bd3
O-O 15. Rc4 Rd8 16. Rb1 Bd7 17. Rb6 Be8 18. h4 Rd7 19. e5 Rc8 20. Ng5 Rcd8 21.
f4 Bf8 22. Ne4 Be7 23. Nf6+ Bxf6 24. exf6 e5 25. fxe5 Nxe5 26. Rc5 Ng4 27. Be4
Nxe3 28. Kxe3 Rxd4 29. Bxb7 Rxh4 30. Rc8 Rhd4 31. Rxd8 Rxd8 32. Rxa6 Kf8 33. a4
Rb8 34. Bd5 Bd7 35. a5 Ke8 36. Ra8 Rxa8 37. Bxa8 Bb5 38. Bd5 h5 39. Kf4 Ba6 40.
Ke5 Kf8 41. Kd6 h4 42. Ke5 Ke8 43. Kf4 Bc8 44. Kg5 h3 45. gxh3 1-0

[Event "32nd ECC Open 2016"]
[Site "Novi Sad SRB"]
[Date "2016.11.06"]
[Round "1.17"]
[Board "2"]
[White "Hamitevici, Vladimir"]
[Black "Sotsky, Alexander"]
[Result "1-0"]
[WhiteTitle "IM"]
[BlackTitle "IM"]
[WhiteElo "2484"]
[BlackElo "2348"]
[WhiteTeam "Cheddleton"]
[BlackTeam "Ezerelio Vaivorykste"]
[WhiteFideId "13902393"]
[BlackFideId "4130715"]
[EventDate "2016.11.06"]

1. d4 e6 2. c4 f5 3. Nc3 Nf6 4. Bf4 d5 5. e3 Be7 6. Nf3 O-O 7. h3 c6 8. Bd3 Ne4
9. O-O Nd7 10. Qc2 Qe8 11. Bh2 Qh5 12. Ne2 g5 13. Ne5 Nxe5 14. Bxe5 Nd6 15. b3
Bd7 16. f3 a6 17. c5 Nf7 18. Bh2 Bf6 19. b4 Rae8 20. Rab1 Bg7 21. Kh1 Nh8 22.
Bd6 Rf7 23. e4 dxe4 24. fxe4 f4 25. e5 Bh6 26. Nc3 g4 27. Ne4 Ng6 28. Nf6+ Rxf6
29. exf6 gxh3 30. g3 Kf7 31. gxf4 Rg8 32. f5 Nh4 33. Bc4 Qg4 34. fxe6+ 1-0

[Event "32nd ECC Open 2016"]
[Site "Novi Sad SRB"]
[Date "2016.11.06"]
[Round "1.17"]
[Board "3"]
[White "Genutis, Mindaugas"]
[Black "Williams, Simon K"]
[Result "1/2-1/2"]
[WhiteTitle "FM"]
[BlackTitle "GM"]
[WhiteElo "2310"]
[BlackElo "2444"]
[WhiteTeam "Ezerelio Vaivorykste"]
[BlackTeam "Cheddleton"]
[WhiteFideId "1407058"]
[BlackFideId "404454"]
[EventDate "2016.11.06"]

1. d4 e6 2. c4 f5 3. g3 Nf6 4. Bg2 g6 5. Nf3 Bg7 6. O-O O-O 7. b4 Ne4 8. Bb2 a5
9. b5 a4 10. Nfd2 d5 11. Nxe4 fxe4 12. c5 Bd7 13. Nc3 Qe8 14. b6 cxb6 15. cxb6
Qe7 16. Rb1 Bc6 17. Bc1 Nd7 18. Nb5 a3 19. Na7 Qd6 20. Bf4 e5 21. dxe5 Bxe5 22.
Bxe5 Qxe5 23. Qc1 Qd6 24. Nxc6 bxc6 25. Bh3 Ne5 26. Rb3 Nc4 27. b7 Rab8 28. Bc8
Kg7 29. Qc3+ Qf6 30. Rxa3 Nxa3 31. Qxa3 Rbxc8 32. bxc8=Q Rxc8 33. Qa7+ Kg8 34.
Rb1 d4 35. Rb8 Rxb8 36. Qxb8+ Qf8 37. Qe5 Qf7 38. Qxe4 Qxa2 39. Qxc6 Qxe2 40.
Qd5+ Kg7 41. Qxd4+ Kg8 42. h4 Qf3 43. Qe3 Qd5 44. Qg5 Qf3 45. h5 Qd3 46. h6 Qd7
47. Qe5 Qd1+ 48. Kh2 Qd7 49. Qb8+ Kf7 50. Qh8 Ke6 51. Qg8+ Kf6 52. Qf8+ Ke6 53.
Qf4 Qd5 54. Qe3+ Kf6 55. Qf4+ Ke6 56. g4 g5 57. Qf8 Qe5+ 58. Kg2 Qe4+ 59. Qf3
Qg6 60. Qe3+ Kf7 61. f4 Qxh6 62. Qa7+ Kf8 63. Qb8+ Kf7 64. Qc7+ Kf8 65. Qd8+ Kf7
66. Qd5+ Kg7 67. fxg5 Qb6 68. Qe5+ Kg6 69. Qf5+ Kg7 1/2-1/2

[Event "32nd ECC Open 2016"]
[Site "Novi Sad SRB"]
[Date "2016.11.06"]
[Round "1.17"]
[Board "4"]
[White "Eggleston, David J"]
[Black "Samsonov, Vyacheslav"]
[Result "1-0"]
[WhiteTitle "IM"]
[WhiteElo "2413"]
[BlackElo "2139"]
[WhiteTeam "Cheddleton"]
[BlackTeam "Ezerelio Vaivorykste"]
[WhiteFideId "412120"]
[BlackFideId "2806290"]
[EventDate "2016.11.06"]

1. e4 e6 2. d4 d5 3. Nc3 dxe4 4. Nxe4 Nd7 5. Nf3 Ngf6 6. Nxf6+ Nxf6 7. c3 Be7 8.
Bd3 O-O 9. O-O b6 10. Qe2 Bb7 11. Bg5 Qd5 12. Rfe1 Rad8 13. a3 c5 14. Qc2 h6 15.
Bh4 Kh8 16. Bxf6 Bxf6 17. Be4 Qd7 18. Bxb7 Qxb7 19. dxc5 bxc5 20. Rad1 Kg8 21.
Re2 Rxd1+ 22. Qxd1 Rb8 23. h3 g6 24. Nh2 Bg5 25. Nf1 Rd8 26. Qa4 Qd7 27. Qxd7
Rxd7 28. g3 Bc1 29. Rc2 Rd1 30. Kg2 e5 31. g4 Bf4 32. c4 Rb1 33. Nd2 Bxd2 34.
Rxd2 Rc1 35. b3 Rc3 36. Rd8+ Kg7 37. Rb8 e4 38. Rb7 e3 39. fxe3 Rxe3 40. a4 a6
41. Rb6 h5 42. gxh5 gxh5 43. a5 h4 44. Rxa6 Rg3+ 45. Kh2 Rxb3 46. Rc6 Rb2+ 47.
Kg1 Rb3 48. Kg2 Rg3+ 49. Kh2 Ra3 50. Rxc5 Ra2+ 51. Kg1 Kg6 52. Rb5 f5 53. c5 f4
54. c6 Rc2 55. a6 Rxc6 56. Ra5 Rc8 57. a7 Ra8 58. Kf2 1-0

[Event "32nd ECC Open 2016"]
[Site "Novi Sad SRB"]
[Date "2016.11.06"]
[Round "1.17"]
[Board "5"]
[White "Olkhovskiy, Alexander"]
[Black "Fodor, Tamas Jr."]
[Result "1/2-1/2"]
[BlackTitle "GM"]
[WhiteElo "2095"]
[BlackElo "2493"]
[WhiteTeam "Ezerelio Vaivorykste"]
[BlackTeam "Cheddleton"]
[WhiteFideId "34188611"]
[BlackFideId "723762"]
[EventDate "2016.11.06"]

1. e4 e6 2. d4 d5 3. e5 c5 4. c3 Nc6 5. Nf3 Qb6 6. a3 Nh6 7. Bd3 Bd7 8. dxc5
Bxc5 9. O-O Ng4 10. Qe2 f6 11. exf6 gxf6 12. b4 Bd6 13. c4 dxc4 14. Bxc4 Nce5
15. Nxe5 Bxe5 16. Qxg4 Bxa1 17. Be3 Qc6 18. Nd2 Be5 19. Qh5+ Ke7 20. f4 Rag8 21.
Nf3 Bc7 22. b5 Qd6 1/2-1/2

[Event "32nd ECC Open 2016"]
[Site "Novi Sad SRB"]
[Date "2016.11.06"]
[Round "1.17"]
[Board "6"]
[White "Steil-Antoni, Fiona"]
[Black "Razuvajeva, Juli"]
[Result "1/2-1/2"]
[WhiteTitle "WIM"]
[BlackTitle "WIM"]
[WhiteElo "2141"]
[BlackElo "2182"]
[WhiteTeam "Cheddleton"]
[BlackTeam "Ezerelio Vaivorykste"]
[WhiteFideId "4001249"]
[BlackFideId "4119878"]
[EventDate "2016.11.06"]

1. e4 c5 2. Nf3 d6 3. c3 Nf6 4. Bd3 g6 5. h3 Bg7 6. Bc2 Nc6 7. O-O O-O 8. d4 e5
9. d5 Ne7 10. Be3 Bd7 11. c4 a6 12. Nc3 b5 13. b3 b4 14. Ne2 a5 15. a4 h6 16.
Qd2 Kh7 17. g4 g5 18. Ng3 Ng6 19. Nf5 Bxf5 20. exf5 Nf4 21. Kh2 Qd7 22. Rae1
Rfe8 23. Qc1 Kh8 24. Nd2 Rad8 25. Ne4 Nxe4 26. Bxe4 Bf6 27. Rh1 Kg7 28. Kg3 Rh8
29. Qd1 Rdg8 30. f3 1/2-1/2

[Event "32nd ECC Open 2016"]
[Site "Novi Sad SRB"]
[Date "2016.11.06"]
[Round "1.18"]
[Board "1"]
[White "Papp, Gabor1"]
[Black "Hansen, Torbjorn Ringdal"]
[Result "0-1"]
[WhiteTitle "GM"]
[BlackTitle "GM"]
[WhiteElo "2587"]
[BlackElo "2448"]
[WhiteTeam "CSM Baia Mare"]
[BlackTeam "Sjakklubben AV 1911"]
[WhiteFideId "718602"]
[BlackFideId "1501720"]
[EventDate "2016.11.06"]

1. e4 e5 2. Nf3 Nc6 3. Bc4 Nf6 4. d3 Bc5 5. O-O d6 6. c3 h6 7. a4 a5 8. Na3 O-O
9. Nc2 Be6 10. Bxe6 fxe6 11. d4 exd4 12. Ncxd4 Nxd4 13. cxd4 Bb4 14. Qe2 Qe8 15.
Bd2 Qg6 16. Bxb4 axb4 17. Nd2 d5 18. exd5 Nxd5 19. Qe4 Qf5 20. b3 Nc3 21. Qxb7
Qc2 22. Nc4 Qxb3 23. Ne5 Rxa4 24. Rae1 Ra2 25. Nd7 Rfa8 26. Qxc7 Ne2+ 27. Kh1
Nxd4 28. Qf4 Qc3 29. Qg4 Ra1 30. Qe4 b3 31. h3 b2 32. Kh2 R8a7 33. f4 Rxe1 34.
Rxe1 Ra1 35. Rb1 Qd2 36. f5 Nf3+ 37. Qxf3 Qd6+ 38. g3 Qd2+ 0-1

[Event "32nd ECC Open 2016"]
[Site "Novi Sad SRB"]
[Date "2016.11.06"]
[Round "1.18"]
[Board "2"]
[White "Elsness, Frode"]
[Black "Erdos, Viktor"]
[Result "0-1"]
[WhiteTitle "IM"]
[BlackTitle "GM"]
[WhiteElo "2442"]
[BlackElo "2585"]
[WhiteTeam "Sjakklubben AV 1911"]
[BlackTeam "CSM Baia Mare"]
[WhiteFideId "1501100"]
[BlackFideId "719978"]
[EventDate "2016.11.06"]

1. d4 d5 2. c4 e6 3. Nf3 a6 4. g3 dxc4 5. Bg2 b5 6. Ne5 c6 7. a4 Bb7 8. O-O Nf6
9. b3 cxb3 10. Qxb3 Be7 11. axb5 axb5 12. Rxa8 Bxa8 13. Ba3 Qxd4 14. Bxe7 Kxe7
15. Qa3+ b4 16. Qxa8 Qxe5 17. Qb7+ Nbd7 18. Qxb4+ c5 19. Qd2 h5 20. Rd1 Rc8 21.
Nc3 Qc7 22. Qf4 Kf8 23. Bf3 Qa5 24. Qc4 Kg8 25. Ne4 Nxe4 26. Rxd7 Nf6 0-1

[Event "32nd ECC Open 2016"]
[Site "Novi Sad SRB"]
[Date "2016.11.06"]
[Round "1.18"]
[Board "3"]
[White "Vajda, Levente"]
[Black "Risting, Eivind Olav"]
[Result "1-0"]
[WhiteTitle "GM"]
[BlackTitle "FM"]
[WhiteElo "2597"]
[BlackElo "2175"]
[WhiteTeam "CSM Baia Mare"]
[BlackTeam "Sjakklubben AV 1911"]
[WhiteFideId "1203975"]
[BlackFideId "1517333"]
[EventDate "2016.11.06"]

1. e4 c6 2. d4 d5 3. e5 Bf5 4. Nf3 e6 5. Be2 c5 6. O-O Nc6 7. a3 cxd4 8. b4 a6
9. b5 axb5 10. Bxb5 Bg4 11. Nbd2 Ne7 12. h3 Bxf3 13. Nxf3 Nf5 14. Nxd4 Nxd4 15.
Qxd4 Be7 16. Qg4 g6 17. Bh6 Bf8 18. Qf4 Bxh6 19. Qxh6 Qe7 20. Qg7 O-O-O 21. Bxc6
bxc6 22. Rfb1 Kc7 23. Rb4 h5 24. Rf4 Rhf8 25. a4 Rd7 26. a5 Ra8 27. a6 d4 28.
Rf3 Ra7 29. Rb3 c5 30. Qh6 c4 31. Rb2 Qc5 32. Rab1 Kc6 33. Qh8 c3 34. Qc8+ Rdc7
35. Qe8+ Rd7 36. Rb7 Qe7 37. Qc8+ Kd5 38. f3 Kxe5 39. Qb8+ Kf5 40. Qxa7 1-0

[Event "32nd ECC Open 2016"]
[Site "Novi Sad SRB"]
[Date "2016.11.06"]
[Round "1.18"]
[Board "4"]
[White "Ranaldi, Lucas"]
[Black "Georgescu, Tiberiu-Marian"]
[Result "1/2-1/2"]
[BlackTitle "GM"]
[WhiteElo "2292"]
[BlackElo "2460"]
[WhiteTeam "Sjakklubben AV 1911"]
[BlackTeam "CSM Baia Mare"]
[WhiteFideId "1519484"]
[BlackFideId "1213300"]
[EventDate "2016.11.06"]

1. d4 e6 2. c4 Nf6 3. Nc3 d5 4. Bg5 Nbd7 5. cxd5 exd5 6. e3 c6 7. Bd3 Be7 8. Qc2
Nh5 9. Bxe7 Qxe7 10. O-O-O Nb6 11. h3 Nf6 12. Nf3 Be6 13. Kb1 O-O-O 14. Na4 Nxa4
15. Qxa4 Kb8 16. Rc1 Ne4 17. Qc2 Rc8 18. Qe2 Rc7 19. Rc2 Bf5 20. Rhc1 Re8 21.
Nd2 Nxd2+ 22. Qxd2 Be4 23. g3 g5 24. Bxe4 Qxe4 25. b4 f5 26. Ka1 a6 27. a4 f4
28. exf4 gxf4 29. b5 fxg3 30. fxg3 Qe3 31. Qxe3 Rxe3 32. bxa6 Ra3+ 33. Kb2 Rxa4
34. axb7 Rxb7+ 35. Kc3 Ra3+ 36. Kd2 Rxg3 37. Rxc6 Rb2+ 38. R1c2 Rxc2+ 39. Kxc2
Rxh3 40. Rd6 Rh5 41. Rd7 Kc8 42. Rg7 Rh6 43. Kc3 Rc6+ 44. Kb4 h5 45. Rh7 Rc4+
46. Kb5 h4 47. Rxh4 Kd7 48. Rh6 Ke7 49. Rc6 Rxd4 50. Kc5 Rd1 51. Rh6 Rd2 52. Ra6
Rd1 53. Rh6 d4 54. Kc4 d3 55. Kc3 Re1 56. Kxd3 Re6 57. Rxe6+ Kxe6 1/2-1/2

[Event "32nd ECC Open 2016"]
[Site "Novi Sad SRB"]
[Date "2016.11.06"]
[Round "1.18"]
[Board "5"]
[White "Dolana, Andrei-Theodor"]
[Black "Kjolberg, Jens Hjorth"]
[Result "1-0"]
[WhiteTitle "FM"]
[WhiteElo "2297"]
[BlackElo "2145"]
[WhiteTeam "CSM Baia Mare"]
[BlackTeam "Sjakklubben AV 1911"]
[WhiteFideId "1219804"]
[BlackFideId "1508172"]
[EventDate "2016.11.06"]

1. d4 Nf6 2. c4 e6 3. Nc3 Bb4 4. Qc2 d6 5. Nf3 Nbd7 6. Bd2 O-O 7. a3 Bxc3 8.
Bxc3 b6 9. g3 Ba6 10. Nd2 Bb7 11. e4 c5 12. Bg2 cxd4 13. Bxd4 Rc8 14. O-O Rc7
15. Qb3 Qa8 16. Rfe1 Rfc8 17. Qe3 e5 18. Bc3 Nc5 19. a4 a5 20. b3 h6 21. Bb2 Re8
22. Rad1 Rd7 23. h4 Qb8 24. Bc1 Qc7 25. f3 Rdd8 26. Bh3 Bc6 27. Nf1 Nh7 28. Qc3
Nf8 29. Ne3 Nfe6 30. Nf5 Rd7 31. Qe3 Qb8 32. Re2 Qc7 33. Kh2 Qb8 34. Qc3 Red8
35. Bb2 Qc7 36. Qe3 Qb8 37. Red2 Qc7 38. Re1 Nb7 39. Qc3 Nbc5 40. Qc2 Qb8 41.
Red1 Qc7 42. Ne3 Qb8 43. Nd5 Rb7 44. Rf2 Nf8 45. Bc1 Nfe6 46. Be3 Bxd5 47. Rxd5
Re7 48. Rd1 Qc7 49. Qb2 Nb7 50. f4 Nec5 51. f5 f6 52. Rf3 Rdd7 53. g4 Qb8 54. g5
hxg5 55. hxg5 fxg5 56. Bxg5 Rf7 1-0

[Event "32nd ECC Open 2016"]
[Site "Novi Sad SRB"]
[Date "2016.11.06"]
[Round "1.18"]
[Board "6"]
[White "Berntsen-Oybo, August"]
[Black "Szabo, Attila1"]
[Result "0-1"]
[BlackTitle "FM"]
[WhiteElo "1974"]
[BlackElo "2312"]
[WhiteTeam "Sjakklubben AV 1911"]
[BlackTeam "CSM Baia Mare"]
[WhiteFideId "1520555"]
[BlackFideId "1206532"]
[EventDate "2016.11.06"]

1. d4 Nf6 2. Nf3 g6 3. g3 Bg7 4. Bg2 O-O 5. O-O d6 6. Nbd2 Na6 7. Nb3 c6 8. Re1
Qc7 9. c3 e5 10. e4 Re8 11. Bd2 c5 12. d5 c4 13. Nc1 Nc5 14. Nh4 b5 15. b4 cxb3
16. axb3 a5 17. b4 Na4 18. bxa5 Bd7 19. Nb3 Nxc3 20. Rc1 b4 21. Bxc3 bxc3 22.
Re3 Rec8 23. Qc2 Bh6 24. Rxc3 Qxc3 25. Qxc3 Bxc1 26. Qb4 Rab8 27. Qxd6 Rxb3 28.
Qxf6 Bg5 29. Qxg5 Rb1+ 30. Bf1 Bh3 31. Ng2 Rcc1 32. Qxc1 Rxc1 33. Ne3 Ra1 34. a6
Bxf1 35. Nxf1 Rxa6 36. g4 f6 37. Ne3 Ra4 38. f3 0-1

[Event "32nd ECC Open 2016"]
[Site "Novi Sad SRB"]
[Date "2016.11.06"]
[Round "1.19"]
[Board "1"]
[White "Aabling-Thomsen, Jakob"]
[Black "Bluebaum, Matthias"]
[Result "0-1"]
[WhiteTitle "FM"]
[BlackTitle "GM"]
[WhiteElo "2382"]
[BlackElo "2641"]
[WhiteTeam "Bronshoj Skakforening"]
[BlackTeam "SV Werder Bremen"]
[WhiteFideId "1407589"]
[BlackFideId "24651516"]
[EventDate "2016.11.06"]

1. g3 d5 2. Bg2 Nf6 3. d3 c5 4. Nd2 Nc6 5. e4 g6 6. Ngf3 Bg7 7. O-O O-O 8. Re1
e6 9. c3 a5 10. e5 Ng4 11. d4 cxd4 12. cxd4 Qb6 13. Bh3 h5 14. Nf1 f6 15. Bxg4
hxg4 16. Nh4 Qxd4 17. Nxg6 Rf7 18. exf6 Qxf6 19. Nf4 e5 20. Qxd5 Bd7 21. Re4
exf4 22. Rxf4 Qe6 23. Qh5 Nd4 24. Rxf7 Qxf7 25. Qxf7+ Kxf7 26. Ne3 Rc8 27. Kf1
Rh8 28. Ke1 Rxh2 0-1

[Event "32nd ECC Open 2016"]
[Site "Novi Sad SRB"]
[Date "2016.11.06"]
[Round "1.19"]
[Board "2"]
[White "Werle, Jan"]
[Black "Pilgaard, Kim"]
[Result "0-1"]
[WhiteTitle "GM"]
[BlackTitle "IM"]
[WhiteElo "2551"]
[BlackElo "2384"]
[WhiteTeam "SV Werder Bremen"]
[BlackTeam "Bronshoj Skakforening"]
[WhiteFideId "1006088"]
[BlackFideId "1400657"]
[EventDate "2016.11.06"]

1. Nf3 Nf6 2. c4 e6 3. Nc3 Bb4 4. Qc2 O-O 5. a3 Bxc3 6. Qxc3 d6 7. g3 e5 8. b4
e4 9. Nd4 c5 10. Nc2 Nc6 11. Bb2 Qe7 12. Bg2 Re8 13. O-O Qf8 14. b5 Ne5 15. Ne3
a6 16. a4 Rb8 17. Qc2 Be6 18. Bxe5 dxe5 19. Bxe4 Nxe4 20. Qxe4 f5 21. Qg2 Qf7
22. d3 f4 23. Nd1 e4 24. dxe4 Bxc4 25. gxf4 axb5 26. Ne3 Qxf4 27. Nxc4 bxc4 28.
f3 Ra8 29. Qg3 Qe3+ 30. Qf2 Qg5+ 31. Kh1 b6 32. f4 Qg6 33. e5 Rxa4 34. Rxa4 Qc6+
35. Qg2 Qxa4 36. Qd5+ Kh8 37. e6 c3 38. f5 c2 39. Rc1 Qf4 40. e3 Qxe3 41. Rxc2
g6 42. fxg6 Qxe6 43. Qxe6 Rxe6 44. gxh7 Rg6 45. h4 Kxh7 46. Kh2 Kh6 47. Kh3 Kh5
48. Rb2 c4 49. Rb5+ Kh6 50. Rb4 Rc6 51. Kg4 c3 52. Rb1 c2 53. Rc1 b5 54. Kf3 b4
55. Ke3 b3 56. Kd2 b2 0-1

[Event "32nd ECC Open 2016"]
[Site "Novi Sad SRB"]
[Date "2016.11.06"]
[Round "1.19"]
[Board "3"]
[White "Petersen, Steen1"]
[Black "Babula, Vlastimil"]
[Result "0-1"]
[BlackTitle "GM"]
[WhiteElo "2145"]
[BlackElo "2548"]
[WhiteTeam "Bronshoj Skakforening"]
[BlackTeam "SV Werder Bremen"]
[WhiteFideId "1402706"]
[BlackFideId "301264"]
[EventDate "2016.11.06"]

1. e4 c5 2. Nf3 e6 3. d4 cxd4 4. Nxd4 Nc6 5. Nc3 Qc7 6. Be3 a6 7. Qd2 Nf6 8.
O-O-O Be7 9. f3 b5 10. a3 b4 11. axb4 Nxb4 12. Nb3 O-O 13. g4 d6 14. g5 Nd7 15.
f4 Rb8 16. Rg1 Rd8 17. Qf2 Bf8 18. h4 g6 19. Rg3 Bg7 20. Ba7 Rb7 21. Bd4 e5 22.
fxe5 Nxe5 23. Nd5 Nxd5 24. exd5 Bf5 25. Rc3 Qd7 26. Bxa6 Rb4 27. Be2 Ra8 28. Qe3
Qb7 29. h5 gxh5 30. Bxh5 Rba4 31. Qf2 Qxd5 32. Ba7 Qe4 33. Rd4 Qh1+ 0-1

[Event "32nd ECC Open 2016"]
[Site "Novi Sad SRB"]
[Date "2016.11.06"]
[Round "1.19"]
[Board "4"]
[White "Koop, Thorben"]
[Black "Andersen, Soren Mikkel"]
[Result "1-0"]
[WhiteTitle "IM"]
[WhiteElo "2430"]
[BlackElo "2086"]
[WhiteTeam "SV Werder Bremen"]
[BlackTeam "Bronshoj Skakforening"]
[WhiteFideId "24661619"]
[BlackFideId "1411918"]
[EventDate "2016.11.06"]

1. Nf3 d5 2. g3 Nf6 3. Bg2 c6 4. O-O Bg4 5. d3 Nbd7 6. c4 e6 7. cxd5 cxd5 8. Nc3
Be7 9. e4 O-O 10. h3 Bxf3 11. Bxf3 Ne5 12. Bg2 dxe4 13. dxe4 Qa5 14. Qb3 Qb4 15.
Rd1 Rfd8 16. Be3 Nc4 17. Rxd8+ Rxd8 18. Bxa7 Ra8 19. Qxb4 Bxb4 20. Nb5 Nxb2 21.
Rb1 Ba3 22. Nxa3 Rxa7 23. Rxb2 Rxa3 24. Rxb7 h5 25. e5 Nd5 26. Rb8+ Kh7 1-0

[Event "32nd ECC Open 2016"]
[Site "Novi Sad SRB"]
[Date "2016.11.06"]
[Round "1.19"]
[Board "5"]
[White "Christensen, Esben"]
[Black "Grigorian, Spartak"]
[Result "0-1"]
[WhiteElo "2016"]
[BlackElo "2280"]
[WhiteTeam "Bronshoj Skakforening"]
[BlackTeam "SV Werder Bremen"]
[WhiteFideId "1402307"]
[BlackFideId "24661490"]
[EventDate "2016.11.06"]

1. e4 c5 2. Nf3 Nc6 3. d4 cxd4 4. Nxd4 Nf6 5. Nc3 d6 6. Be3 e5 7. Nb3 Be7 8. Be2
O-O 9. O-O a5 10. Bg5 a4 11. Bxf6 Bxf6 12. Nd5 axb3 0-1

[Event "32nd ECC Open 2016"]
[Site "Novi Sad SRB"]
[Date "2016.11.06"]
[Round "1.19"]
[Board "6"]
[White "Charmeteau, Sven"]
[Black "Yssing, Klaus"]
[Result "1-0"]
[WhiteElo "2305"]
[BlackElo "2008"]
[WhiteTeam "SV Werder Bremen"]
[BlackTeam "Bronshoj Skakforening"]
[WhiteFideId "638285"]
[BlackFideId "1407279"]
[EventDate "2016.11.06"]

1. e4 Nf6 2. e5 Nd5 3. d4 d6 4. c4 Nb6 5. exd6 cxd6 6. Nc3 g6 7. Be3 Bg7 8. Rc1
O-O 9. b3 e5 10. dxe5 dxe5 11. Qxd8 Rxd8 12. c5 N6d7 13. Bc4 Nf8 14. Bg5 Rd4 15.
Nf3 Rg4 16. h3 Rxg2 17. Be3 h6 18. Kf1 Rg5 19. Nxg5 hxg5 20. Ne4 Ne6 21. Nxg5
Nxg5 22. Bxg5 Nc6 23. f3 Bf5 24. Bd5 Rc8 25. Kg2 Bf8 26. a3 Kg7 27. b4 Rc7 28.
Be3 a6 29. h4 Be7 30. Kf2 Nd4 31. Be4 Rd7 32. h5 Nb5 33. hxg6 fxg6 34. Rcg1 Nd4
35. Rh6 Ne6 1-0

[Event "32nd ECC Open 2016"]
[Site "Novi Sad SRB"]
[Date "2016.11.06"]
[Round "1.20"]
[Board "1"]
[White "Heimann, Andreas"]
[Black "Adair, James R"]
[Result "1-0"]
[WhiteTitle "GM"]
[BlackTitle "IM"]
[WhiteElo "2586"]
[BlackElo "2488"]
[WhiteTeam "Schachgesellschaft Riehen"]
[BlackTeam "White Rose"]
[WhiteFideId "24624632"]
[BlackFideId "406252"]
[EventDate "2016.11.06"]

1. Nf3 Nf6 2. c4 e6 3. Nc3 d5 4. d4 c5 5. cxd5 Nxd5 6. e4 Nxc3 7. bxc3 cxd4 8.
cxd4 Bb4+ 9. Bd2 Bxd2+ 10. Qxd2 O-O 11. Bc4 Nc6 12. O-O b6 13. Rad1 Na5 14. Bd3
h6 15. Rfe1 Bb7 16. Qf4 Qe7 17. d5 Rfd8 18. Bf1 Rac8 19. Qg3 exd5 20. exd5 Qf6
21. d6 Bxf3 22. gxf3 Rc5 23. h4 Nc6 24. Re4 Rf5 25. d7 Rxf3 26. Qd6 Kh7 27. Qxf6
Rxf6 28. Bb5 1-0